| 000 | 00719nam a2200193Ia 4500 | ||
|---|---|---|---|
| 008 | 151121s9999||||xx |||||||||||||| ||und|| | ||
| 082 | _a294।1/विद्यालं | ||
| 082 | _bHNW-43476 | ||
| 100 | _aविद्यालंकार सत्याकाम | ||
| 245 | _aवेद-पुष्पाजंलि | ||
| 260 | _b"सरस्वती विहार , दिल्ली" | ||
| 260 | _c-- | ||
| 300 | _a63 | ||
| 600 | _aविद्यालंकार सत्याकाम | ||
| 630 | _aवेद-पुष्पाजंलि | ||
| 700 | _aविद्यालंकार सत्याकाम | ||
| 730 | _aवेद-पुष्पाजंलि | ||
| 942 | _cBOOK | ||
| 999 |
_c1231556 _d1231553 |
||